Preter : (Record no. 44335)

MARC details
000 -LEADER
fixed length control field 01245cam a2200313 i 4500
001 - CONTROL NUMBER
control field vtls003030022
003 - CONTROL NUMBER IDENTIFIER
control field MY-SjTCS
005 - DATE AND TIME OF LATEST TRANSACTION
control field 20200306163655.0
008 - FIXED-LENGTH DATA ELEMENTS--GENERAL INFORMATION
fixed length control field 110218t20042004at a 001 0 eng d
020 ## - INTERNATIONAL STANDARD BOOK NUMBER
International Standard Book Number 0864593139
039 #9 - LEVEL OF BIBLIOGRAPHIC CONTROL AND CODING DETAIL [OBSOLETE]
Level of rules in bibliographic description 201809071433
Level of effort used to assign nonsubject heading access points VLOAD
Level of effort used to assign subject headings 201507281621
Level of effort used to assign classification pushpa
Level of effort used to assign subject headings 201102181518
Level of effort used to assign classification VLOAD
-- 200608211009
-- pushpa
040 ## - CATALOGING SOURCE
Description conventions rda
043 ## - GEOGRAPHIC AREA CODE
Geographic area code u-at---
-- a-si---
-- a-cc---
082 04 - DEWEY DECIMAL CLASSIFICATION NUMBER
Classification number 720.22294
Item number PRE
245 00 - TITLE STATEMENT
Title Preter :
Remainder of title architecture thesis projects 2002-2003 /
Statement of responsibility, etc. edited by Stuart Harrison.
246 14 - VARYING FORM OF TITLE
Title proper/short title Preter :
Remainder of title RMIT architecture thesis projects 2002-2003
264 #1 - PRODUCTION, PUBLICATION, DISTRIBUTION, MANUFACTURE, AND COPYRIGHT NOTICE
Place of production, publication, distribution, manufacture Melbourne :
Name of producer, publisher, distributor, manufacturer RMIT University Press,
Date of production, publication, distribution, manufacture, or copyright notice 2004.
264 #4 - PRODUCTION, PUBLICATION, DISTRIBUTION, MANUFACTURE, AND COPYRIGHT NOTICE
Date of production, publication, distribution, manufacture, or copyright notice ©2004
300 ## - PHYSICAL DESCRIPTION
Extent 144 pages :
Other physical details illustrations (some colour), plans ;
Dimensions 23 x 27 cm.
336 ## - CONTENT TYPE
Content type term text
Source rdacontent
337 ## - MEDIA TYPE
Media type term unmediated
Source rdamedia
338 ## - CARRIER TYPE
Carrier type term volume
Source rdacarrier
500 ## - GENERAL NOTE
General note "In conjunction with Year of the Built Environment 2004"--Added t.p.
650 #0 - SUBJECT ADDED ENTRY--TOPICAL TERM
Topical term or geographic name entry element Architecture
Geographic subdivision Australia
Chronological subdivision 21st century
Form subdivision Designs and plans.
9 (RLIN) 74693
650 #0 - SUBJECT ADDED ENTRY--TOPICAL TERM
Topical term or geographic name entry element Architecture
Geographic subdivision China
-- Hong Kong
Chronological subdivision 21st century
Form subdivision Designs and plans.
9 (RLIN) 237652
650 #0 - SUBJECT ADDED ENTRY--TOPICAL TERM
Topical term or geographic name entry element Architecture
Geographic subdivision Singapore
Chronological subdivision 21st century
Form subdivision Designs and plans.
9 (RLIN) 237653
700 1# - ADDED ENTRY--PERSONAL NAME
Personal name Harrison, Stuart.
9 (RLIN) 237654
920 ## - Programme
Programme SABD : 524984
Holdings
Withdrawn status Lost status Source of classification or shelving scheme Damaged status Not for loan Home library Current library Date acquired Total Checkouts Barcode Date last seen Date last checked out Copy number Uniform Resource Identifier Koha item type Public note
    Dewey Decimal Classification     Taylor's Library-TU Taylor's Library-TU 21/08/2006 103 5000042269 05/12/2019 17/05/2019 1 Floor 4, Shelf 30 , Side 1, TierNo 1, BayNo 4 Main Collection SABDx,23003,02,CL